ابن سبعين و فلسفة الصوفية / (Record no. 7231)
[ view plain ]
| 000 -الفاتح | |
|---|---|
| حقل البيانات ثابتة الطول | 01151nac a22002171u 4500 |
| 008 - عناصر البيانات ثابتة الطول - معلومات عامة | |
| حقل البيانات ثابتة الطول | 100810s1973 le|||||r|||| 001 0dara d |
| 082 ## - رقم تصنيف ديوى العشرى | |
| رقم التصنيف | 269.92 |
| رقم المادة | ت ف ت |
| 100 ## - المدخل الرئيسى - إسم شخصى | |
| الإسم الشخصى | التفتازاني ، أبو الوفا الغنيمي |
| 9 (RLIN) | 17364 |
| العنوان والكلمات الأخرى المصاحبة للاسم | أستاذ الفلسفة الإسلامية والتصوف بكلية الآداب بجامعة القاهرة |
| 245 ## - بيان العنوان | |
| العنوان | ابن سبعين و فلسفة الصوفية / |
| بيان المسئوليه,etc | أبو الوفا الغنيمي التفتازاني |
| 260 ## - PUBLICATION, DISTRIBUTION, ETC. (IMPRINT) | |
| مكان الناشر او الموزع | بيروت : |
| اسم الناشر او الموزع | دار الكتاب اللبناني ، |
| تاريخ النشر أو التوزيع | 1973 |
| 300 ## - الوصف المادى | |
| التعداد | 542 ص ؛ |
| أبعاد الوعاء | 24 سم. |
| 504 ## - تبصرة ببليوجرافية | |
| تبصرة ببليوجرافية,الخ | يحتوي علي ببيلوجرافية :ص475-496 وكشافات |
| 511 ## - | |
| -- | Catalogued by: Sara |
| 541 ## - تبصرة المصدر المباشر للتزويد | |
| مصدر التزويد | ألف باء ؛ |
| طريقة التزويد | شراء ؛ |
| 600 ## - المدخل الاضافى بالموضوع-اسم شخصى | |
| 9 (RLIN) | 17392 |
| الإسم الشخصى | ابن سبعين، |
| الشكل الأكمل للاسم | عبد الحق بن ابراهيم بن نصر بن محمد |
| 650 ## - المدخل الاضافى بالموضوع-مصطلح موضوعى | |
| 9 (RLIN) | 17366 |
| 650 ## - المدخل الاضافى بالموضوع-مصطلح موضوعى | |
| مصطلح موضوعي أو اسم جغرافي كعنصر مدخل | المتصوفون |
| 9 (RLIN) | 16077 |
| 650 ## - المدخل الاضافى بالموضوع-مصطلح موضوعى | |
| 9 (RLIN) | 16733 |
| 942 ## - عناصر المدخل الإضافي( كوها) | |
| Koha [default] item type | Book - Borrowing |
| سابقة رقم الطلب | 269.92ت ف ت |
| مصدر التصنيف او مخطط الترفيف | Dewey Decimal Classification |
| حالة التراجع | حالة الفقد | مصدر التصنيف او خطة الترفيف | حالة تلف | ليس للاعارة | مجموعات كوها | المكان الدائم | المكان الحالي | موقع الترفيف | تاريخ الاكتساب | Source of acquisition | رقم الاستدعاء | الباركود | Date last seen | مُعار | نوع الوعاء |
|---|---|---|---|---|---|---|---|---|---|---|---|---|---|---|---|
| Dewey Decimal Classification | Alef-Baa | Central Library | Central Library | Lower Floor | 10/08/2010 | 269.92 ت ف ت | 000008673 | 15/07/2025 | 29/10/2024 | Book - Borrowing |